| 000 | 00565nam a22001817a 4500 | ||
|---|---|---|---|
| 010 | _aENG-120436 | ||
| 020 |
_c995.00 _a9789383514175 |
||
| 035 | _aEN-103968 | ||
| 037 | _bDBAD/PUB | ||
| 082 | _a347.54 | ||
| 100 | _aUmesh kumar singh | ||
| 245 |
_aLaw & Justice in Ancient India : _cby Umesh Kumar Singh |
||
| 260 |
_aNew Delhi _bLucky International _c2016 |
||
| 270 |
_aH-16/1922, Sangam Vihar _bNew Delhi _e110080 |
||
| 300 |
_a384p. _c23cm(Hb) |
||
| 500 | _aIncludes bibliographical references and index | ||
| 942 |
_2ddc _cEN _h347.54 _mUME |
||
| 999 |
_c145105 _d145105 |
||